| 000 | 00631nam a2200217 a 4500 | ||
|---|---|---|---|
| 005 | 20240910063957.0 | ||
| 008 | 020705s2000 es r 000 0 spa d | ||
| 020 | _a8433014897 | ||
| 035 | _aUPN01000118003 | ||
| 049 | _aCG | ||
| 050 | 4 |
_aLC283 _bN3.2 |
|
| 100 | 1 | _aNavarro, Ginés | |
| 245 | 1 | 3 |
_aEl diálogo : _bprocedimiento para la educación en valores / _cGinés Navarro. |
| 260 |
_aBilbao, Esp. : _bDesclée De Brouwer, _cc2000. |
||
| 300 | _a158 p. | ||
| 440 | 0 | _aAprender a ser | |
| 650 | 4 |
_aEducación moral _91396 |
|
| 650 | 4 |
_aÉtica _xEstudio y enseñanza _912687 |
|
| 650 | 4 |
_aAdolescencia _91008 |
|
| 905 | _aLibro | ||
| 999 |
_c90398 _d90398 |
||